01161 a2200217 4500003000500000005001700005010001600022020001700038020002400055040000900079082001900088245007900107250001200186260004900198300002900247505047400276650003500750942001200785999001900797952012700816Nust20221206123657.0 a 79018223 a0830697497 : a0830697499 (pbk.) : cNust00a621.381548,TES00a99 test equipment projects you can build /cby the editors of 73 magazine. a1st ed. aBlue Ridge Summit, Pa. :bTab Books,cc1979. a378 p. :bill. ;c22 cm. aHow to Build and use Test Gear (Page-9), Cheap-N- Handy-Dandy Testers (Page-33), Voltmeters and Ammeters (Page-53), Capacitance Meters (Page-69), Resistance and Impedance Measures (Page-103), Testers for Solid State Components (Page-117), Digital Voltmeters (Page-151), Calibrators and Frequency Standards (Page-177), Signal Generators (Page-203), Frequency Counters (Page-253), Oscilloscopes (Page-319), RF Test Equipment (Page-335), Bench and Lab Supplies (Page-355). 0aTelecommunication Engineering. 2ddccBK c182476d182476 00102ddc4070aMCSbMCScGENd2016-12-12o621.381548,TESpMCS6846r2016-12-08w2016-12-12yBKzAlmirah No.34, Shelf No.6